Регионална библиотека "Любен Каравелов" - Русе

La question d'Orient (Запис номер 431616)

MARC детайли
000 -Лидер
Контролно поле с фиксирана дължина nam a22 a 4500
003 - Код на организацията, давaща контролен номер
Контролно поле BLK
005 - Дата и час на последна редакция
Контролно поле 20210913133525.0
008 - Елементи от данни с фиксирана дължина
fixed length control field 210913b bu |||||r|||| 00| | bu d
040 ## - Източник на каталожния запис
Идентификатор на билиотеката - собственик на записа BLK
041 ## - Код за език
Код за езика на текст/звукозапис или на отделно заглавие Френски
Код за езика КДБФ Френски
080 ## - УДК
Текстов определител УДК История на Стария Изток, Мидия, Персия, Асирия и Вавилония
УДК код - определител по УДК 94(3)
УДК - код + определител 94(3)
100 ## - Редна дума - Автор
R(LIN) 1299
Автор Driault, Édouard
Авторска отговорност първи автор
139 ## - Редно поле
Редна дума Driault, Édouard
245 ## - Сведения за заглавието
Заглавие La question d'Orient
Подзаглавни данни Depuis ses origines jusqu'à nos jours
Редно поле (дума) Édouard Driault; pref. Gabriel Monod
250 ## - Област на изданието
Сведения за изданието 5e éd
260 ## - Област на издателските данни
9 (RLIN) 217876
Място на издаване, разпространение и проч. Paris
Име на издателя, разпространителя и проч. Felix Alcan
Година на издаване 1912
300 ## - Физическа характеристика
Страници 408 p.
Размери/Мащаб 22 cm
380 ## - Жанр
Жанр История
490 ## - СЕРИИ (Колекции)
9 (RLIN) 464341
Име на серия Bibliothèque d'histoire contemporaine
650 #7 - Допълнително описание по предмет – тема
9 (RLIN) 157779
Основно описание – тема или топоним История - Древен Изток
653 #7 - Ключова дума – ненормативна
9 (RLIN) 192942
Ключова дума Ориент
653 #7 - Ключова дума – ненормативна
9 (RLIN) 187889
Ключова дума история
700 ## - Други автори (авторска отговорност)
9 (RLIN) 194
Лично име Monod, Gabriel
Автороска отговорност (Описва отношението между автора и произведението) pref.
852 ## - Местоположение
Форматна сигнатура Цб 9.215.13995
Фондова буква Основен фонд - ползва се само за читалня
999 ## - СИСТЕМНИ КОНТРОЛНИ НОМЕРА
Koha biblionumber 431616
Koha biblioitemnumber 431616
942 ## - АРТИКУЛИ
Вид на библиотечния материал Книги
Скрит в OPAC Не
Периодичен библиозапис Да
944 ## - СЪЗДАВАНЕ И РЕДАКЦИЯ на ЗАПИСА
Създаване/Редакция Създаване
Дата на регистрацията/редакция 2021-09-13
Служител, извършил регистрацията/редакцията Христина Везирева
Наличности
Код за отписване Код за изгубен артикул Източник на класификационната схема Код за повреда Коз за рестрикции Код за отдаване Артикулен № Име на библиотеката - собственик Име на библиотеката, в която се намира в момента Статус (Текущо местоположение) Дата на вписване в системата Местоположение - отдел Цена в лева Инвентарен номер Систематично азбучна сигнатура Баркод Цена в евро Служебен тип на артикула
  Не е изгубен Universal Decimal Classification Не е повреден само за читалня ползва се в читалня 851944 Регионална библиотека "Любен Каравелов" Русе Регионална библиотека "Любен Каравелов" Русе Хранилище 2021-09-14 Основен фонд - ползва се само за читалня 0.82 13995 Цб 9.215.13995 900000078061 0.42 Книги
Vip Innovations Ltd, Rousse, Bulgaria 2025